| 000 | 00735cam a2200229 i 4500 | ||
|---|---|---|---|
| 001 | 2234483 | ||
| 003 | OSt | ||
| 005 | 20180112100633.0 | ||
| 008 | 761023s1976 njua be 001 0 eng | ||
| 010 | _a 76027231 | ||
| 020 | _a0911910263 | ||
| 040 |
_aDLC _cDLC _dDLC |
||
| 041 | _aeng | ||
| 080 | _a361 | ||
| 082 | 0 | 0 | _a615.103 MER |
| 100 | _a23 | ||
| 101 | _aENC | ||
| 245 | 0 | 4 |
_aThe Merck index : _cMartha Windholz, editor ; Susan Budavari, associate editor ; Lorraine Y. Stroumtsos, assistant editor ; Margaret Noether Fertig, assistant editor. |
| 504 | _aIncludes bibliographical references and index. | ||
| 906 |
_a7 _bcbc _corignew _d1 _eocip _f19 _gy-gencatlg |
||
| 942 |
_2ddc _cBK |
||
| 999 |
_c40226 _d40226 |
||